[Event "CRO-chT U16 29th"]
[Site "Sesvete"]
[Date "2020.09.05"]
[Round "5.2"]
[White "Tomrlin, Luka"]
[Black "Kanesic, Petar"]
[Result "0-1"]
[WhiteElo "1437"]
[BlackElo "1329"]
[PlyCount "32"]
[EventDate "2020.06.20"]
[EventType "team-tourn"]
[EventRounds "9"]
[EventCountry "CRO"]
[SourceTitle "EXT 2021"]
[Source "ChessBase"]
[SourceDate "2020.10.23"]
[SourceVersion "1"]
[SourceVersionDate "2020.10.23"]
[SourceQuality "1"]
[WhiteTeam "Durdevac Picok"]
[BlackTeam "Varazdinske Toplice"]
[WhiteTeamCountry "CRO"]
[BlackTeamCountry "CRO"]

1. e4 c5 2. Nc3 d6 3. Bb5+ Bd7 4. Bxd7+ Qxd7 5. f4 Nc6 6. Nf3 g6 7. d3 Bg7 8. 0-0 Nf6 9. Qe1 Qc7 10. Qg3 Nd7 11. Nd5 Qd8 12. f5 Nd4 13. Nh4 Ne2+ 14. Kh1 Nxg3+ 15. hxg3 Nf6 16. Nf4 g5 0-1